Представление документа в формате RUSMARC

ПолеНазваниеЗначение
  Тип записи a
  Библиографический уровень m
001 Контрольный номер UONB/MAIN/bf272e0ae956488dbad3d6dd7f9dd059
005 Дата корректировки 20250520123407.2
010 Индекс ISBN __
d Цена 40 к.
9 Тираж 25000 экз.
100 Данные общей обработки __
a Данные общей обработки 20241119d1979 u y0rusy0189## ca
101 Язык документа 0_
a Язык текста rus
102 Страна публикации __
a Страна публикации RU
105 Кодированные данные (монография) __
a Кодированные данные (монография) a z 000yy
200 Заглавие и сведения об ответственности 1_
a Заглавие Советы сельским механизаторам
f Первые сведения об ответственности М.В. Кузьмин, Ю.Г. Смирнов, М.В. Туаев
203 Вид содержания и тип средства __
a Вид содержания Текст
b Характеристика содержания визуальный
c Тип средства непосредственный
210 Выходные данные 1_
a Место издания Москва
c Издательство Моск. рабочий
d Дата издания 1979
215 Физическое описание __
a Объем 222 с.
d Формат 16 см
c Иллюстрации/тип воспроизводства ил.
606 Тематические рубрики 0_
a Основная рубрика Растениеводство
x Основная подрубрика Механизация
y Географическая подрубрика Нечерноземная зона РСФСР
606 Тематические рубрики 0_
a Основная рубрика Сельскохозяйственные машины и орудия
x Основная подрубрика Эксплоатация
610 Ключевые слова 0_
a Ключевые слова растениеводство; сельскохозяйственные машины и орудия; механизация сельского хозяйства
686 Индексы других классификаций __
a Классификационный индекс 40.711
2 Код системы rubbk
686 Индексы других классификаций __
a Классификационный индекс 40.72-082
2 Код системы rubbk
700 Автор _1
a Фамилия Кузьмин
b Имя (инициалы) М.В.
g Полное личное имя Мстислав Витальевич
701 Альтернативная интеллектуальная ответственность _1
a Фамилия Смирнов
b Имя (инициалы) Ю.Г.
g Полное личное имя Юрий Георгиевич
701 Альтернативная интеллектуальная ответственность _1
a Фамилия Туаев
b Имя (инициалы) М.В.
g Полное личное имя Мурат Викторович
801 Источник записи _0
a Страна RU
b Организация Ульяновская ОНБ
c Дата составления 20241119
g Правила каталогизации RCR
801 Источник записи _1
a Страна RU
b Организация Ульяновская ОНБ
c Дата составления 20241119
g Правила каталогизации RCR
901 Тип документа __
t Тип документа m
909 Создатель записи __
a Создатель записи Батталова
b Дата создания записи 20241119